[Event "POL-chT 1 Liga 2019"]
[Site "Dzwirzyno"]
[Date "2019.09.09"]
[Round "3.30"]
[White "Kantane, Anna"]
[Black "Miturova, Magdalena"]
[Result "0-1"]
[WhiteElo "2273"]
[BlackElo "2219"]
[Annotator "RC"]
[PlyCount "116"]
[EventDate "2019.09.07"]
[EventType "team-tourn"]
[EventCountry "POL"]
[SourceTitle "playchess.com"]
[Source "ChessBase"]
[SourceQuality "1"]
[TimeControl "40/5400+30:1800+30"]

1. e4 {[%emt 0:00:25]} e5 {[%emt 0:00:00]} 2. Nf3 {[%emt 0:00:12]} Nc6 {[%emt 0:00:00]} 3. Bb5 {[%emt 0:00:08]} a6 {[%emt 0:00:00]} 4. Ba4 {[%emt 0:00:06]} Nf6 {[%emt 0:00:00]} 5. O-O {[%emt 0:00:09]} Be7 {[%emt 0:00:27]} 6. Qe2 {[%emt 0:00:10]} d6 {[%emt 0:04:39]} 7. c3 {[%emt 0:02:52]} Bg4 {[%emt 0:06:42]} 8. d3 {[%emt 0:07:51]} Nd7 {[%emt 0:00:39]} 9. Nbd2 {[%emt 0:02:38]} Nc5 {[%emt 0:03:13]} 10. Bc2 {[%emt 0:08:38]} Ne6 {[%emt 0:01:18]} 11. Nc4 {[%emt 0:01:14]} Bg5 {[%emt 0:06:26]} 12. Ne3 {[%emt 0:06:27]} Bh5 {[%emt 0:10:53]} 13. Bd1 {[%emt 0:13:38]} h6 {[%emt 0:15:25]} 14. Qc2 {[%emt 0:02:11]} Qf6 {[%emt 0:02:05]} 15. a4 {[%emt 0:06:38]} Ne7 {[%emt 0:06:37]} 16. b4 {[%emt 0:02:39]} Nf4 {[%emt 0:01:56]} 17. Ne1 {[%emt 0:04:32]} Bxd1 {[%emt 0:03:19]} 18. Qxd1 {[%emt 0:00:27]} h5 {[%emt 0:02:46]} 19. g3 {[%emt 0:10:31]} Ne6 {[%emt 0:01:02]} 20. Ra2 {[%emt 0:00:31]} Qh6 {[%emt 0:04:02]} 21. h4 {[%emt 0:06:58]} Bxe3 {[%emt 0:07:21]} 22. Bxe3 {[%emt 0:00:21]} g5 {[%emt 0:02:26]} 23. Ng2 {[%emt 0:09:13]} Qg7 {[%emt 0:09:56]} 24. hxg5 {[%emt 0:07:21]} Nxg5 {[%emt 0:01:15]} 25. f4 {[%emt 0:00:39]} Nh3+ {[%emt 0:00:50]} 26. Kh2 {[%emt 0:00:03]} h4 {[%emt 0:00:15]} 27. g4 {[%emt 0:01:44]} Nxf4 {[%emt 0:03:31]} 28. Nxf4 {[%emt 0:00:12]} exf4 {[%emt 0:00:14]} 29. Bd4 {[%emt 0:00:17]} Qh6 {[%emt 0:00:27]} 30. Bxh8 {[%emt 0:01:35]} Qxh8 {[%emt 0:00:06]} 31. d4 {[%emt 0:00:20]} Ng6 {[%emt 0:00:43]} 32. Rb2 {[%emt 0:00:37]} Qf6 {[%emt 0:04:01]} 33. b5 {[%emt 0:01:56]} a5 {[%emt 0:01:22]} 34. b6 {[%emt 0:00:02]} c6 {[%emt 0:00:52]} 35. Qe2 {[%emt 0:02:18]} Kf8 {[%emt 0:01:10]} 36. Qg2 {[%emt 0:01:39]} Re8 {[%emt 0:00:39]} 37. Qf3 {[%emt 0:00:38]} Qe6 {[%emt 0:01:04]} 38. Re1 {[%emt 0:00:33]} Qc4 {[%emt 0:00:24]} 39. Rbe2 {[%emt 0:00:27]} Re6 {[%emt 0:00:31]} 40. d5 {[%emt 0:00:00]} Re5 {[%emt 0:00:00]} 41. dxc6 {[%emt 0:09:19]} Qxc6 {[%emt 0:00:31]} 42. Rd1 {[%emt 0:02:37]} Rc5 {[%emt 0:08:09]} 43. Rc2 {[%emt 0:05:15]} Qxb6 {[%emt 0:06:23]} 44. Qd3 {[%emt 0:03:05]} Rc6 {[%emt 0:01:23]} 45. Rf1 {[%emt 0:09:27]} Qb3 {[%emt 0:06:18]} 46. Rff2 {[%emt 0:00:07]} Qe6 {[%emt 0:01:23]} 47. Qd4 {[%emt 0:03:38]} Rc4 {[%emt 0:02:36]} 48. Qb6 {[%emt 0:00:05]} Qe5 {[%emt 0:00:51]} 49. Rf3 {[%emt 0:01:27]} Rxe4 {[%emt 0:01:17]} 50. Rcf2 {[%emt 0:00:30]} Kg7 {[%emt 0:03:36]} 51. Qxb7 {[%emt 0:00:09]} Re3 {[%emt 0:01:10]} 52. c4 {[%emt 0:00:45]} Re1 {[%emt 0:00:58]} 53. Qb2 {[%emt 0:00:41]} Ra1 {[%emt 0:00:51]} 54. Qd2 {[%emt 0:00:26]} Re1 {[%emt 0:01:28]} 55. Rg2 {[%emt 0:00:34]} Kg8 {[%emt 0:00:50]} 56. Rgf2 {[%emt 0:00:22]} Qa1 {[%emt 0:00:25]} 57. Rd3 {[%emt 0:00:39]} Rh1+ {[%emt 0:00:24]} 58. Kg2 {[%emt 0:00:05]} Ne5 {[%emt 0:00:58]} 0-1

[Event "POL-chT 1 Liga 2019"]
[Site "Dzwirzyno"]
[Date "2019.09.12"]
[Round "6.1"]
[White "Nayhebaver, Martin"]
[Black "Sapis, Witalis"]
[Result "1/2-1/2"]
[WhiteElo "2491"]
[BlackElo "2376"]
[Annotator "TA"]
[PlyCount "189"]
[EventDate "2019.09.07"]
[EventType "team-tourn"]
[EventCountry "POL"]
[SourceTitle "playchess.com"]
[Source "ChessBase"]
[SourceQuality "1"]

{[%evp 10,188,25,12,36,36,37,36,38,21,26,22,24,33,29,23,25,23,29,16,33,24,38,26,29,22,39,51,59,47,61,40,64,65,65,64,63,63,66,66,74,60,62,62,62,64,64,51,58,60,59,58,59,51,57,50,52,46,52,46,44,44,50,31,42,0,0,0,27,27,26,6,6,6,25,0,14,8,51,47,49,49,49,39,51,49,100,51,51,51,64,64,64,64,64,64,64,64,60,29,29,29,22,22,33,33,33,29,77,77,77,77,77,77,77,77,77,77,77,33,36,35,88,88,88,89,90,43,44,45,84,84,90,83,84,84,89,0,84,84,89,89,92,90,90,89,93,84,90,65,65,72,80,58,62,62,96,8,8,8,8,8,8,8,8,8,8,8,8,8,8,8,8,8,8,8,8,8,8,8,8]} 1. e4 c6 2. Nc3 d5 3. Nf3 Bg4 4. h3 Bxf3 5. Qxf3 Nf6 6. Be2 Nxe4 {B11: Caro-Kann: Two Knights Variation} (6... e6 7. O-O Qb6 8. d3 Nbd7 9. Qf4 d4 10. Nb1 Qc5 11. Bd1 Bd6 12. Qg5 Qxg5 13. Bxg5 h6 14. Bc1 {1-0 (72) Fedoseev,V (2718)-Kasimdzhanov,R (2683) Riadh 2017}) 7. Nxe4 dxe4 8. Qxe4 Nd7 {White is slightly better.} 9. d4 Nf6 10. Qe3 e6 11. O-O Bd6 12. c3 O-O 13. g3 $146 ({Predecessor:} 13. Qf3 Qc7 14. c4 e5 15. Bg5 {½-½ (53) Henderson de la Fuente,L (2380)-Gunina,V (2524) Caleta 2017}) 13... Re8 14. Qf3 e5 15. dxe5 Bxe5 16. Bc4 Qc7 17. Be3 Rad8 18. Rfd1 a6 19. Kg2 h6 20. Bb3 Qe7 21. a4 Bc7 22. Rxd8 Rxd8 23. Bd4 Qe4 24. Qxe4 Nxe4 25. Re1 Re8 $1 26. Rd1 Rd8 27. f4 Nd6 28. Be5 Nf5 29. Rxd8+ ({Reject} 29. Bxc7 Rxd1 30. Bxd1 Ne3+ 31. Kf3 Nxd1 $15) 29... Bxd8 $14 {[%mdl 4096] Endgame KBB-KBN} 30. g4 Nh4+ 31. Kg3 Ng6 32. Bd6 Be7 33. Bc7 Nf8 34. Kf3 Nd7 35. Bc2 Kf8 36. b4 Ke8 37. Bb3 Bf6 38. c4 Bc3 39. Bd6 a5 40. bxa5 Bxa5 41. Bc2 Nb6 42. Bb3 Nd7 43. Ba3 b6 44. Bb2 Nc5 45. Bc2 Kf8 46. Bd4 Bb4 47. h4 f6 (47... Ba5 $14) 48. h5 Kf7 49. Ke3 Kf8 50. Bd1 Kf7 51. Bf3 Nxa4 52. Bxc6 Nc5 53. Bd5+ Kf8 54. g5 hxg5 55. fxg5 fxg5 56. Kf3 Na4 57. Kg4 Bc3 58. Bf2 Nc5 59. Kxg5 Nd7 60. Kf5 Ke7 61. Bc6 Nc5 62. Bg3 Bd4 63. Bh2 Nd7 64. Bc7 Nf6 65. Kg6 Kf8 (65... Ng4 $14) 66. Bd6+ $16 Kg8 67. Bf3 Kh8 68. Be7 Nd7 69. Bd5 Bc5 70. Bg5 Bd4 71. Kf7 Kh7 72. Be4+ Kh8 73. Bd5 Kh7 $1 74. Ke6 Nf6 75. Bf3 Ng8 76. Be4+ Kh8 77. Kd5 Bc5 78. Bg6 Nf6+ 79. Kc6 Ng4 80. Bd8 Ne5+ 81. Kb5 {[#] aiming for Bc7.} Kg8 82. Bc7 Nf3 83. Bxb6 (83. Be4 $16 Nd2 84. Bd3) 83... Bxb6 $11 {The position is equal.} 84. Kxb6 $16 {Black must now prevent c5. KB-KN} Ne5 85. c5 Nd7+ 86. Kc6 Nxc5 $1 87. Kxc5 $11 {[#] And now Kd6 would win. KB-KP} Kh8 88. Kd5 Kg8 89. Ke6 Kh8 90. Ke7 Kg8 91. Bf7+ Kh8 92. Kf8 {Hoping for Ke8.} Kh7 (92... g6 $5) 93. Bg6+ Kh8 94. Bf5 {Strongly threatening Ke7.} g6 95. hxg6 {Accuracy: White = 65%, Black = 59%.} 1/2-1/2

[Event "POL-chT 1 Liga 2019"]
[Site "Dzwirzyno"]
[Date "2019.09.12"]
[Round "6.2"]
[White "Godzwon, Iwo"]
[Black "Roubalik, Jakub"]
[Result "1/2-1/2"]
[WhiteElo "2265"]
[BlackElo "2405"]
[Annotator "NA"]
[PlyCount "70"]
[EventDate "2019.09.07"]
[EventType "team-tourn"]
[EventCountry "POL"]
[SourceTitle "playchess.com"]
[Source "ChessBase"]
[SourceQuality "1"]
[TimeControl "40/5400+30:1800+30"]

1. c4 {[%emt 0:00:00]} e5 {[%emt 0:00:09]} 2. g3 {[%emt 0:00:00]} Nc6 {[%emt 0:01:32]} 3. Bg2 {[%emt 0:00:00]} g6 {[%emt 0:00:27]} 4. Nc3 {[%emt 0:01:22]} Bg7 {[%emt 0:00:22]} 5. d3 {[%emt 0:01:04]} d6 {[%emt 0:00:29]} 6. e3 {[%emt 0:00:25]} Nge7 {[%emt 0:01:45]} 7. Nge2 {[%emt 0:00:34]} Be6 {[%emt 0:00:45]} 8. Nd5 {[%emt 0:00:06]} O-O {[%emt 0:01:07]} 9. O-O {[%emt 0:00:31]} Qd7 {[%emt 0:01:24]} 10. Rb1 {[%emt 0:05:31]} Nd8 {[%emt 0:01:19]} 11. b4 {[%emt 0:00:06]} Nxd5 {[%emt 0:11:30]} 12. cxd5 {[%emt 0:00:10]} Bh3 {[%emt 0:00:09]} 13. Bxh3 {[%emt 0:07:29]} Qxh3 {[%emt 0:00:02]} 14. b5 {[%emt 0:00:05]} c6 {[%emt 0:03:50]} 15. bxc6 {[%emt 0:09:47]} bxc6 {[%emt 0:00:07]} 16. dxc6 {[%emt 0:02:55]} Nxc6 {[%emt 0:00:57]} 17. Ba3 {[%emt 0:00:11]} Rfd8 {[%emt 0:02:28]} 18. Qa4 {[%emt 0:09:05]} Qd7 {[%emt 0:09:14]} 19. Kg2 {[%emt 0:00:26]} Rac8 {[%emt 0:04:01]} 20. Rfc1 {[%emt 0:01:09]} Qe6 {[%emt 0:05:30]} 21. Rb2 {[%emt 0:01:36]} h5 {[%emt 0:30:18]} 22. Rbc2 {[%emt 0:20:08]} Ne7 {[%emt 0:02:13]} 23. Rxc8 {[%emt 0:00:45]} Rxc8 {[%emt 0:00:16]} 24. Qxa7 {[%emt 0:09:07]} Qd5+ {[%emt 0:06:31]} 25. Kf1 {[%emt 0:08:59]} Qxd3 {[%emt 0:03:04]} 26. Qxe7 {[%emt 0:00:04]} Rxc1+ {[%emt 0:00:27]} 27. Bxc1 {[%emt 0:00:02]} Qd1+ {[%emt 0:00:06]} 28. Kg2 {[%emt 0:00:01]} Qxe2 {[%emt 0:00:02]} 29. Qxd6 {[%emt 0:00:05]} Qxa2 {[%emt 0:00:32]} 30. Ba3 {[%emt 0:00:03]} Qc4 {[%emt 0:06:00]} 31. Qd8+ {[%emt 0:00:09]} Kh7 {[%emt 0:00:07]} 32. Bf8 {[%emt 0:00:15]} Qc6+ {[%emt 0:00:58]} 33. Kg1 {[%emt 0:00:04]} Qc1+ {[%emt 0:00:21]} 34. Kg2 {[%emt 0:00:04]} Qc6+ {[%emt 0:00:03]} 35. Kg1 {[%emt 0:00:02]} Qc1+ {[%emt 0:00:26]} 1/2-1/2

[Event "POL-chT 1 Liga 2019"]
[Site "Dzwirzyno"]
[Date "2019.09.12"]
[Round "6.3"]
[White "Paszewski, Mateusz"]
[Black "Tofil, Borys"]
[Result "1-0"]
[WhiteElo "2297"]
[BlackElo "2202"]
[Annotator "NA"]
[PlyCount "91"]
[EventDate "2019.09.07"]
[EventType "team-tourn"]
[EventCountry "POL"]
[SourceTitle "playchess.com"]
[Source "ChessBase"]
[SourceQuality "1"]
[TimeControl "40/5400+30:1800+30"]

1. c4 {[%emt 0:00:00]} d6 {[%emt 0:00:00]} 2. g3 {[%emt 0:00:00]} g6 {[%emt 0:00:19]} 3. Bg2 {[%emt 0:00:00]} Bg7 {[%emt 0:00:10]} 4. Nc3 {[%emt 0:00:00]} e5 {[%emt 0:05:31]} 5. d3 {[%emt 0:00:38]} Ne7 {[%emt 0:03:16]} 6. e4 {[%emt 0:05:22]} Nbc6 {[%emt 0:07:59]} 7. Nge2 {[%emt 0:00:06]} Be6 {[%emt 0:02:21]} 8. Nd5 {[%emt 0:01:38]} Qd7 {[%emt 0:15:38]} 9. Bg5 {[%emt 0:04:21]} Ng8 {[%emt 0:04:01]} 10. Qd2 {[%emt 0:02:06]} f6 {[%emt 0:02:13]} 11. Be3 {[%emt 0:00:03]} Nce7 {[%emt 0:00:24]} 12. d4 {[%emt 0:18:03]} c6 {[%emt 0:16:28]} 13. Nxe7 {[%emt 0:00:19]} Nxe7 {[%emt 0:02:55]} 14. d5 {[%emt 0:01:42]} Bf7 {[%emt 0:04:47]} 15. O-O {[%emt 0:04:03]} O-O {[%emt 0:01:02]} 16. Rac1 {[%emt 0:04:12]} c5 {[%emt 0:02:03]} 17. Nc3 {[%emt 0:02:58]} Kh8 {[%emt 0:06:07]} 18. a3 {[%emt 0:03:57]} f5 {[%emt 0:05:32]} 19. Bh3 {[%emt 0:02:08]} Qd8 {[%emt 0:05:28]} 20. b4 {[%emt 0:09:23]} b6 {[%emt 0:00:59]} 21. bxc5 {[%emt 0:02:57]} dxc5 {[%emt 0:03:12]} 22. Bg5 {[%emt 0:02:29]} Qd7 {[%emt 0:00:47]} 23. Bxe7 {[%emt 0:03:02]} Qxe7 {[%emt 0:00:06]} 24. exf5 {[%emt 0:00:02]} gxf5 {[%emt 0:00:39]} 25. Bxf5 {[%emt 0:00:47]} Qf6 {[%emt 0:00:31]} 26. Qd3 {[%emt 0:06:42]} Bxd5 {[%emt 0:00:12]} 27. Nxd5 {[%emt 0:01:10]} Qxf5 {[%emt 0:00:07]} 28. Qxf5 {[%emt 0:00:37]} Rxf5 {[%emt 0:00:02]} 29. f3 {[%emt 0:00:10]} Re8 {[%emt 0:02:05]} 30. Rce1 {[%emt 0:01:02]} Kg8 {[%emt 0:01:17]} 31. Kg2 {[%emt 0:01:55]} Rf7 {[%emt 0:01:16]} 32. a4 {[%emt 0:03:04]} Kf8 {[%emt 0:00:25]} 33. Re4 {[%emt 0:00:31]} Rb8 {[%emt 0:00:51]} 34. Rd1 {[%emt 0:03:40]} Rd8 {[%emt 0:02:36]} 35. Re3 {[%emt 0:00:50]} Rfd7 {[%emt 0:00:34]} 36. Rb1 {[%emt 0:02:46]} Re8 {[%emt 0:03:02]} 37. h4 {[%emt 0:07:24]} Rf7 {[%emt 0:01:06]} 38. g4 {[%emt 0:02:50]} Rd7 {[%emt 0:01:09]} 39. Kg3 {[%emt 0:00:10]} Rf7 {[%emt 0:00:13]} 40. g5 {[%emt 0:00:00]} h6 {[%emt 0:00:00]} 41. g6 {[%emt 0:08:32]} Rd7 {[%emt 0:05:43]} 42. h5 {[%emt 0:00:29]} Rd6 {[%emt 0:04:12]} 43. Kg4 {[%emt 0:02:34]} Ree6 {[%emt 0:01:02]} 44. Rbe1 {[%emt 0:01:51]} a6 {[%emt 0:00:49]} 45. f4 {[%emt 0:05:30]} b5 {[%emt 0:01:15]} 46. f5 {[%emt 0:01:45]} 1-0

[Event "POL-chT 1 Liga 2019"]
[Site "Dzwirzyno"]
[Date "2019.09.12"]
[Round "6.4"]
[White "Kowalski, Maciej"]
[Black "Ciesla, Adam"]
[Result "0-1"]
[WhiteElo "2095"]
[BlackElo "2273"]
[Annotator "NA"]
[PlyCount "110"]
[EventDate "2019.09.07"]
[EventType "team-tourn"]
[EventCountry "POL"]
[SourceTitle "playchess.com"]
[Source "ChessBase"]
[SourceQuality "1"]
[TimeControl "40/5400+30:1800+30"]

1. Nf3 {[%emt 0:00:00]} g6 {[%emt 0:00:00]} 2. g3 {[%emt 0:00:14]} Bg7 {[%emt 0:00:00]} 3. Bg2 {[%emt 0:00:01]} e5 {[%emt 0:03:10]} 4. d3 {[%emt 0:00:11]} f5 {[%emt 0:07:30]} 5. c3 {[%emt 0:02:01]} d5 {[%emt 0:05:30]} 6. e4 {[%emt 0:02:35]} dxe4 {[%emt 0:01:34]} 7. dxe4 {[%emt 0:00:07]} Qxd1+ {[%emt 0:01:11]} 8. Kxd1 {[%emt 0:00:02]} Nf6 {[%emt 0:08:41]} 9. Nbd2 {[%emt 0:16:16]} O-O {[%emt 0:05:57]} 10. exf5 {[%emt 0:07:47]} Nc6 {[%emt 0:18:28]} 11. fxg6 {[%emt 0:05:09]} hxg6 {[%emt 0:00:30]} 12. h3 {[%emt 0:02:05]} Bf5 {[%emt 0:04:15]} 13. Ng5 {[%emt 0:02:45]} Rad8 {[%emt 0:14:45]} 14. Ke1 {[%emt 0:00:17]} e4 {[%emt 0:00:30]} 15. Nc4 {[%emt 0:04:00]} Bh6 {[%emt 0:06:36]} 16. g4 {[%emt 0:04:36]} e3 {[%emt 0:05:25]} 17. gxf5 {[%emt 0:22:08]} Bxg5 {[%emt 0:00:17]} 18. Bxe3 {[%emt 0:00:08]} Bxe3 {[%emt 0:00:40]} 19. Nxe3 {[%emt 0:00:47]} Ne5 {[%emt 0:00:37]} 20. Rg1 {[%emt 0:06:47]} gxf5 {[%emt 0:01:05]} 21. Nxf5 {[%emt 0:03:48]} Kh8 {[%emt 0:00:39]} 22. Nd4 {[%emt 0:02:06]} Rd6 {[%emt 0:05:25]} 23. b4 {[%emt 0:06:15]} b6 {[%emt 0:00:01]} 24. b5 {[%emt 0:00:48]} Nh5 {[%emt 0:00:04]} 25. Be4 {[%emt 0:01:15]} Nf4 {[%emt 0:00:04]} 26. Rg5 {[%emt 0:02:45]} Re8 {[%emt 0:00:54]} 27. Kf1 {[%emt 0:01:27]} Rh6 {[%emt 0:00:10]} 28. Re1 {[%emt 0:00:44]} Nc4 {[%emt 0:01:53]} 29. Nb3 {[%emt 0:02:50]} Rxh3 {[%emt 0:02:37]} 30. Rg3 {[%emt 0:00:01]} Rh4 {[%emt 0:01:18]} 31. Bc6 {[%emt 0:00:54]} Rf8 {[%emt 0:01:03]} 32. Re4 {[%emt 0:01:10]} Nd6 {[%emt 0:01:38]} 33. Ra4 {[%emt 0:00:01]} Nf5 {[%emt 0:00:58]} 34. Rg5 {[%emt 0:01:08]} Ne3+ {[%emt 0:00:30]} 35. fxe3 {[%emt 0:01:18]} Ne6+ {[%emt 0:00:20]} 36. Ke1 {[%emt 0:01:48]} Rxa4 {[%emt 0:00:06]} 37. Rg2 {[%emt 0:00:29]} Rh4 {[%emt 0:01:57]} 38. Kd2 {[%emt 0:00:28]} Rd8+ {[%emt 0:00:48]} 39. Kc2 {[%emt 0:00:11]} Rh3 {[%emt 0:00:32]} 40. Re2 {[%emt 0:00:00]} Rd6 {[%emt 0:00:00]} 41. Nd4 {[%emt 0:01:27]} Nc5 {[%emt 0:08:39]} 42. Nf5 {[%emt 0:06:10]} Re6 {[%emt 0:03:46]} 43. e4 {[%emt 0:00:57]} Re5 {[%emt 0:06:35]} 44. Bd5 {[%emt 0:06:05]} Nd3 {[%emt 0:02:46]} 45. Rd2 {[%emt 0:04:22]} Nc5 {[%emt 0:01:14]} 46. Re2 {[%emt 0:02:47]} Nd3 {[%emt 0:00:31]} 47. Rd2 {[%emt 0:00:07]} Nf4 {[%emt 0:01:59]} 48. Bc6 {[%emt 0:00:06]} Rc5 {[%emt 0:00:57]} 49. Rd8+ {[%emt 0:02:06]} Kh7 {[%emt 0:00:02]} 50. Rd7+ {[%emt 0:00:16]} Kg6 {[%emt 0:00:54]} 51. Rxc7 {[%emt 0:00:27]} Rhxc3+ {[%emt 0:02:19]} 52. Kb1 {[%emt 0:00:07]} Rc1+ {[%emt 0:00:34]} 53. Kb2 {[%emt 0:00:01]} Nd3+ {[%emt 0:00:10]} 54. Kb3 {[%emt 0:00:10]} R1c3+ {[%emt 0:00:16]} 55. Ka4 {[%emt 0:00:06]} R5c4# {[%emt 0:00:08]} 0-1

[Event "POL-chT 1 Liga 2019"]
[Site "Dzwirzyno"]
[Date "2019.09.12"]
[Round "6.5"]
[White "Tomaszewski, Roman"]
[Black "Rogala, Milosz"]
[Result "1-0"]
[WhiteElo "2195"]
[BlackElo "1788"]
[Annotator "NA"]
[PlyCount "79"]
[EventDate "2019.09.07"]
[EventType "team-tourn"]
[EventCountry "POL"]
[SourceTitle "playchess.com"]
[Source "ChessBase"]
[SourceQuality "1"]
[TimeControl "40/5400+30:1800+30"]

1. f4 {[%emt 0:00:07]} d5 {[%emt 0:00:00]} 2. Nf3 {[%emt 0:00:30]} Nf6 {[%emt 0:00:23]} 3. g3 {[%emt 0:00:30]} c5 {[%emt 0:00:30]} 4. Bg2 {[%emt 0:00:30]} Nc6 {[%emt 0:00:30]} 5. O-O {[%emt 0:00:30]} e6 {[%emt 0:00:30]} 6. d3 {[%emt 0:00:30]} Bd6 {[%emt 0:00:30]} 7. Nc3 {[%emt 0:00:30]} a6 {[%emt 0:00:30]} 8. e4 {[%emt 0:00:30]} dxe4 {[%emt 0:00:30]} 9. dxe4 {[%emt 0:00:30]} e5 {[%emt 0:00:30]} 10. fxe5 {[%emt 0:00:30]} Nxe5 {[%emt 0:00:30]} 11. Bf4 {[%emt 0:00:30]} Qc7 {[%emt 0:00:30]} 12. Nxe5 {[%emt 0:00:30]} Bxe5 {[%emt 0:00:30]} 13. Nd5 {[%emt 0:00:30]} Nxd5 {[%emt 0:00:30]} 14. exd5 {[%emt 0:00:30]} Bxf4 {[%emt 0:00:30]} 15. Rxf4 {[%emt 0:00:30]} O-O {[%emt 0:00:30]} 16. d6 {[%emt 0:00:30]} Qd8 {[%emt 0:00:30]} 17. Bd5 {[%emt 0:00:30]} Be6 {[%emt 0:00:30]} 18. Bxe6 {[%emt 0:00:30]} fxe6 {[%emt 0:00:30]} 19. Rxf8+ {[%emt 0:00:30]} Qxf8 {[%emt 0:00:30]} 20. Qd2 {[%emt 0:00:30]} Rd8 {[%emt 0:00:30]} 21. d7 {[%emt 0:00:30]} Qf6 {[%emt 0:00:30]} 22. c3 {[%emt 0:00:30]} Qh6 {[%emt 0:00:30]} 23. Qf2 {[%emt 0:00:30]} Rxd7 {[%emt 0:00:30]} 24. Rf1 {[%emt 0:00:30]} Qf6 {[%emt 0:00:30]} 25. Qxf6 {[%emt 0:00:30]} gxf6 {[%emt 0:00:30]} 26. Rxf6 {[%emt 0:00:30]} Rd2 {[%emt 0:00:30]} 27. Rf2 {[%emt 0:00:30]} Rd1+ {[%emt 0:00:30]} 28. Kg2 {[%emt 0:00:30]} Kg7 {[%emt 0:00:30]} 29. a3 {[%emt 0:00:30]} Re1 {[%emt 0:00:30]} 30. Kh3 {[%emt 0:00:30]} Re4 {[%emt 0:00:30]} 31. Rd2 {[%emt 0:00:30]} b5 {[%emt 0:00:30]} 32. Rd7+ {[%emt 0:00:30]} Kg6 {[%emt 0:00:30]} 33. Ra7 {[%emt 0:00:30]} Re2 {[%emt 0:00:30]} 34. b4 {[%emt 0:00:30]} c4 {[%emt 0:00:30]} 35. Rxa6 {[%emt 0:00:30]} Re3 {[%emt 0:00:30]} 36. Kh4 {[%emt 0:00:30]} Rxc3 {[%emt 0:00:30]} 37. Rxe6+ {[%emt 0:00:30]} Kg7 {[%emt 0:00:30]} 38. Kg5 {[%emt 0:00:30]} Rxa3 {[%emt 0:00:30]} 39. Re7+ {[%emt 0:00:30]} Kg8 {[%emt 0:00:30]} 40. Rb7 {[%emt 0:00:30]} 1-0

[Event "POL-chT 1 Liga 2019"]
[Site "Dzwirzyno"]
[Date "2019.09.12"]
[Round "6.6"]
[White "Gosciniak, Maria"]
[Black "Lach, Aleksandra"]
[Result "0-1"]
[WhiteElo "2132"]
[BlackElo "2173"]
[Annotator "NA"]
[PlyCount "142"]
[EventDate "2019.09.07"]
[EventType "team-tourn"]
[EventCountry "POL"]
[SourceTitle "playchess.com"]
[Source "ChessBase"]
[SourceQuality "1"]
[TimeControl "40/5400+30:1800+30"]

1. e4 {[%emt 0:00:00]} e6 {[%emt 0:00:00]} 2. d4 {[%emt 0:00:00]} d5 {[%emt 0:00:16]} 3. Nc3 {[%emt 0:00:00]} dxe4 {[%emt 0:00:11]} 4. Nxe4 {[%emt 0:00:00]} Nd7 {[%emt 0:00:18]} 5. Nf3 {[%emt 0:02:00]} Ngf6 {[%emt 0:01:13]} 6. Nxf6+ {[%emt 0:03:26]} Nxf6 {[%emt 0:05:37]} 7. c3 {[%emt 0:00:06]} c5 {[%emt 0:09:50]} 8. Bg5 {[%emt 0:08:17]} cxd4 {[%emt 0:06:29]} 9. Bb5+ {[%emt 0:04:19]} Bd7 {[%emt 0:03:40]} 10. Bxd7+ {[%emt 0:00:25]} Qxd7 {[%emt 0:00:11]} 11. Bxf6 {[%emt 0:00:03]} gxf6 {[%emt 0:00:15]} 12. Qxd4 {[%emt 0:00:08]} Qxd4 {[%emt 0:02:41]} 13. Nxd4 {[%emt 0:00:02]} Bc5 {[%emt 0:04:20]} 14. Nb3 {[%emt 0:01:52]} Bb6 {[%emt 0:01:09]} 15. a4 {[%emt 0:05:38]} a5 {[%emt 0:05:25]} 16. O-O {[%emt 0:17:59]} Rc8 {[%emt 0:13:11]} 17. Nd2 {[%emt 0:11:27]} Ke7 {[%emt 0:02:30]} 18. Rfd1 {[%emt 0:01:26]} Rhd8 {[%emt 0:06:33]} 19. Nf3 {[%emt 0:12:24]} e5 {[%emt 0:14:03]} 20. Nd2 {[%emt 0:04:54]} f5 {[%emt 0:02:46]} 21. Kf1 {[%emt 0:00:30]} f6 {[%emt 0:02:47]} 22. Rac1 {[%emt 0:04:48]} Rd3 {[%emt 0:03:14]} 23. Nb1 {[%emt 0:08:17]} Rxd1+ {[%emt 0:04:04]} 24. Rxd1 {[%emt 0:00:02]} Rc4 {[%emt 0:00:52]} 25. b3 {[%emt 0:00:05]} Rf4 {[%emt 0:00:17]} 26. Rd2 {[%emt 0:00:36]} Rh4 {[%emt 0:00:25]} 27. h3 {[%emt 0:00:43]} e4 {[%emt 0:00:49]} 28. Re2 {[%emt 0:01:42]} Bc5 {[%emt 0:04:09]} 29. Nd2 {[%emt 0:00:58]} Kd7 {[%emt 0:00:18]} 30. Nc4 {[%emt 0:00:10]} b6 {[%emt 0:00:01]} 31. Rd2+ {[%emt 0:02:52]} Kc7 {[%emt 0:00:30]} 32. Ne3 {[%emt 0:07:50]} Bxe3 {[%emt 0:01:26]} 33. fxe3 {[%emt 0:00:01]} f4 {[%emt 0:00:12]} 34. Kf2 {[%emt 0:00:57]} f3 {[%emt 0:02:58]} 35. Kg3 {[%emt 0:01:16]} fxg2 {[%emt 0:00:36]} 36. Rxg2 {[%emt 0:00:08]} Rh5 {[%emt 0:00:19]} 37. Rf2 {[%emt 0:00:53]} Rg5+ {[%emt 0:01:41]} 38. Kf4 {[%emt 0:00:40]} Re5 {[%emt 0:00:34]} 39. Rg2 {[%emt 0:00:19]} Kc6 {[%emt 0:01:34]} 40. Rg7 {[%emt 0:00:00]} Rh5 {[%emt 0:00:00]} 41. Kxe4 {[%emt 0:06:19]} Rh4+ {[%emt 0:03:50]} 42. Kd3 {[%emt 0:06:36]} Rxh3 {[%emt 0:05:59]} 43. Rf7 {[%emt 0:00:02]} Rh6 {[%emt 0:00:38]} 44. Kd4 {[%emt 0:02:52]} b5 {[%emt 0:07:44]} 45. axb5+ {[%emt 0:02:00]} Kxb5 {[%emt 0:00:02]} 46. e4 {[%emt 0:00:24]} Kc6 {[%emt 0:02:27]} 47. c4 {[%emt 0:01:15]} Kb6 {[%emt 0:01:08]} 48. Kd5 {[%emt 0:07:11]} Rh5+ {[%emt 0:01:47]} 49. Kd6 {[%emt 0:00:52]} Rh3 {[%emt 0:00:28]} 50. c5+ {[%emt 0:01:14]} Ka6 {[%emt 0:00:01]} 51. Kc7 {[%emt 0:01:08]} Rxb3 {[%emt 0:01:37]} 52. Rxf6+ {[%emt 0:00:12]} Ka7 {[%emt 0:00:01]} 53. c6 {[%emt 0:00:13]} Re3 {[%emt 0:00:54]} 54. Kd7 {[%emt 0:03:05]} Rc3 {[%emt 0:00:33]} 55. Kc8 {[%emt 0:04:40]} a4 {[%emt 0:01:01]} 56. Rf7+ {[%emt 0:01:26]} Ka6 {[%emt 0:03:14]} 57. c7 {[%emt 0:00:12]} a3 {[%emt 0:00:15]} 58. Rxh7 a2 {[%emt 0:00:46]} 59. Rh6+ {[%emt 0:01:42]} Ka7 {[%emt 0:00:49]} 60. Rh1 {[%emt 0:00:08]} Kb6 {[%emt 0:00:06]} 61. Ra1 {[%emt 0:00:58]} Rxc7+ {[%emt 0:00:05]} 62. Kd8 {[%emt 0:00:03]} Ra7 {[%emt 0:01:47]} 63. Kc8 {[%emt 0:00:48]} Kc5 {[%emt 0:02:00]} 64. Kb8 {[%emt 0:00:05]} Ra3 {[%emt 0:00:09]} 65. Kb7 {[%emt 0:00:03]} Kd4 {[%emt 0:00:12]} 66. Kc6 {[%emt 0:00:16]} Kxe4 {[%emt 0:00:18]} 67. Kc5 {[%emt 0:00:06]} Kd3 {[%emt 0:00:21]} 68. Kb4 {[%emt 0:00:02]} Ra8 {[%emt 0:00:10]} 69. Kb3 {[%emt 0:00:25]} Rb8+ {[%emt 0:00:13]} 70. Ka3 {[%emt 0:02:13]} Kc2 {[%emt 0:00:29]} 71. Rxa2+ {[%emt 0:00:16]} Kc3 {[%emt 0:00:02]} 0-1